Cutthroat Trout Subspecies - Statistics

General Stats
  • This quiz has been taken 11 times
  • The average score is 8 of 15
Answer Stats
Answer % Correct
Bonneville
89%
Colorado River
78%
Greenback
78%
Lahontan
78%
Yellowstone
78%
Coastal
67%
Snake River Fine-Spotted
67%
Westslope
67%
Rio Grande
56%
Paiute
44%
Alvord
33%
Lake Crescent
33%
San Juan
33%
Humboldt
11%
Yellowfin
11%
No matching quizzes found
Score Distribution
Percent of People with Each Score
Percentile by Number Answered
Your Score History
You have not taken this quiz